History - American | 1 | 4 | 0 | 0 | 55 | 70 | 85.00 | 0 | 1 |
History - World | 1 | 4 | 0 | 0 | 55 | 40 | 86.80 | 0 | 1 |
History - European | 2 | 1 | 0 | 0 | 40 | 10 | 64.00 | 1 | 2 |
Science - Biology | 0 | 2 | 0 | 0 | 20 | 86 | 96.00 | 0 | 0 |
Social Science - Other | 1 | 0 | 0 | 0 | 15 | 42 | 42.00 | 0 | 0 |
Geography - United States | 1 | 0 | 0 | 0 | 15 | 29 | 29.00 | 1 | 1 |
RMP - Jewish Practice | 0 | 1 | 0 | 0 | 10 | 103 | 103.00 | 0 | 0 |
RMP - Philosophy | 0 | 1 | 0 | 0 | 10 | 78 | 78.00 | 0 | 0 |
RMP - World Mythology | 0 | 1 | 0 | 0 | 10 | 136 | 136.00 | 0 | 0 |
Fine Arts - Architecture | 0 | 1 | 0 | 0 | 10 | 126 | 126.00 | 0 | 0 |
Fine Arts - Photography | 0 | 1 | 0 | 0 | 10 | 98 | 98.00 | 0 | 0 |
History - Cross, Historiography, and Miscellaneous | 0 | 1 | 0 | 0 | 10 | 61 | 61.00 | 0 | 1 |
Literature - World and Miscellaneous | 0 | 1 | 0 | 0 | 10 | 127 | 127.00 | 0 | 0 |
Other - Other Academic and General Knowledge | 0 | 1 | 0 | 0 | 10 | 88 | 88.00 | 0 | 0 |
RMP - Christian Practice | 0 | 1 | 0 | 0 | 10 | 113 | 113.00 | 0 | 0 |
Social Science - Linguistics | 0 | 1 | 0 | 0 | 10 | 111 | 111.00 | 0 | 0 |
Social Science - Sociology | 0 | 1 | 0 | 0 | 10 | 102 | 102.00 | 0 | 0 |
Science - Computer Science | 0 | 1 | 0 | 0 | 10 | 89 | 89.00 | 0 | 0 |
Science - Physics | 0 | 1 | 0 | 0 | 10 | 121 | 121.00 | 0 | 0 |
Social Science - Anthropology | 0 | 1 | 0 | 0 | 10 | 95 | 95.00 | 1 | 1 |
Social Science - Economics | 0 | 1 | 0 | 0 | 10 | 131 | 131.00 | 0 | 0 |
RMP - Greco-Roman Mythology | 0 | 0 | 0 | 0 | 0 | | 0.00 | 0 | 0 |
Fine Arts - Painting | 0 | 0 | 0 | 0 | 0 | | 0.00 | 0 | 0 |